Statistiques concernant Raikage

Cliquez ici pour prendre le quiz!

Statistiques générales

  • Ce quiz a été pris 47 fois
  • Le résultat moyen est 3 sur 5

Statistiques - réponses

RaikageNom% Correct
3emeA
100%
4emeA
100%
5emeDarui
73%
1er1er Raikage
30%
2eme2eme Raikage
30%

Distribution des résultats

Percentile par nombre de réponses

% des personnes avec chaque résultat

Votre développement - résultats

Vous n’avez pas pris ce quiz